Dynamic Model of Elastoplastic Normal Collision of Spherical Particles under Nonlocal Plasticity; Physics of the Solid State; Vol. 60, iss. 1

Bibliografiske detaljer
Parent link:Physics of the Solid State
Vol. 60, iss. 1.— 2019.— [P. 566-570]
Hovedforfatter: Lyashenko Ya. A. Yakov Aleksandrovich
Institution som forfatter: Национальный исследовательский Томский политехнический университет Инженерная школа новых производственных технологий Отделение материаловедения
Andre forfattere: Popov V. L. Valentin Leonidovich
Summary:Title screen
The problem of normal collision of a spherical particle with a half-space is considered with allowance for nonlocal plastic deformation in the case where the strength limit depends on the contact radius, as well as for the strengthening effect in the deformed material. The dimensionless coefficient of normal velocity restitution has been calculated numerically as a function of the initial velocity of the spherical particle. The obtained data coincide well with experimental results available in the literature.
Режим доступа: по договору с организацией-держателем ресурса
Sprog:engelsk
Udgivet: 2019
Fag:
Online adgang:https://doi.org/10.1134/S1063783418030162
Format: MixedMaterials Electronisk Book Chapter
KOHA link:https://koha.lib.tpu.ru/cgi-bin/koha/opac-detail.pl?biblionumber=661633

MARC

LEADER 00000naa0a2200000 4500
001 661633
005 20250416163452.0
035 |a (RuTPU)RU\TPU\network\32320 
090 |a 661633 
100 |a 20200122d2019 k||y0rusy50 ba 
101 0 |a eng 
135 |a drcn ---uucaa 
181 0 |a i  
182 0 |a b 
200 1 |a Dynamic Model of Elastoplastic Normal Collision of Spherical Particles under Nonlocal Plasticity  |f Ya. A. Lyashenko, V. L. Popov 
203 |a Text  |c electronic 
300 |a Title screen 
320 |a [References: p. 570 (19 tit.)] 
330 |a The problem of normal collision of a spherical particle with a half-space is considered with allowance for nonlocal plastic deformation in the case where the strength limit depends on the contact radius, as well as for the strengthening effect in the deformed material. The dimensionless coefficient of normal velocity restitution has been calculated numerically as a function of the initial velocity of the spherical particle. The obtained data coincide well with experimental results available in the literature. 
333 |a Режим доступа: по договору с организацией-держателем ресурса 
461 |t Physics of the Solid State 
463 |t Vol. 60, iss. 1  |v [P. 566-570]  |d 2019 
610 1 |a электронный ресурс 
610 1 |a труды учёных ТПУ 
610 1 |a пластическая деформация 
610 1 |a предел прочности 
610 1 |a сферические частицы 
700 1 |a Lyashenko  |b Ya. A.  |g Yakov Aleksandrovich 
701 1 |a Popov  |b V. L.  |c physicist  |c leading researcher of Tomsk Polytechnic University, Doctor of physical and mathematical sciences  |f 1959-  |g Valentin Leonidovich  |3 (RuTPU)RU\TPU\pers\35915 
712 0 2 |a Национальный исследовательский Томский политехнический университет  |b Инженерная школа новых производственных технологий  |b Отделение материаловедения  |3 (RuTPU)RU\TPU\col\23508 
801 2 |a RU  |b 63413507  |c 20200122  |g RCR 
850 |a 63413507 
856 4 |u https://doi.org/10.1134/S1063783418030162 
942 |c CF